Welcome to the Holygrace Academy Library

Please use search bar below to get started

A DIRECTORY OF HIGHER EDUCATION (Record no. 6760)

MARC details
000 -LEADER
fixed length control field 00239nam a22001217a 4500
082 ## - DEWEY DECIMAL CLASSIFICATION NUMBER
Classification number 001
Item number MAN/D
100 ## - MAIN ENTRY--AUTHOR NAME
Personal name MANORAMA
245 ## - TITLE STATEMENT
Title A DIRECTORY OF HIGHER EDUCATION
300 ## - PHYSICAL DESCRIPTION
Number of Pages 303
520 ## - SUMMARY, ETC.
Summary, etc dIRECTORY
650 ## - SUBJECT ADDED ENTRY--TOPICAL TERM
Topical Term G.K
942 ## - ADDED ENTRY ELEMENTS (KOHA)
Koha item type Books
Holdings
Withdrawn status Lost status Collection code Home library Current library Shelving location Date acquired Source of acquisition Full call number Accession Number Koha item type
    G.K Main Library Main Library SHELF-17F-YEAR BOOK 01/12/2035 Purchase 001 MAN/D 01160 Books